|
|
|
|
| LEADER |
01202nam a22003492a 4500 |
| 001 |
001172829 |
| 003 |
CZ BrMZK |
| 005 |
20171024105106.0 |
| 007 |
ta |
| 008 |
111007s1977 xo er|||||||||||slo d |
| 040 |
|
|
|a BOA001
|b cze
|
| 043 |
|
|
|a e-cs---
|
| 072 |
|
7 |
|a 63
|x Zemědělství a příbuzné oblasti vědy a techniky
|2 Konspekt
|9 24
|
| 080 |
|
|
|a 63
|2 MRF
|
| 080 |
|
|
|a 658.5-025.21
|2 MRF
|
| 080 |
|
|
|a (437)
|2 MRF
|
| 080 |
|
|
|a (041)
|2 MRF
|
| 245 |
0 |
0 |
|a Človek v súčasnej etape vývoja výrobných síl v poľnohospodárstve /
|c Dušan Sagara ... [et al.]
|
| 260 |
|
|
|a [Bratislava] :
|b Ústredný výbor Socialistickej akadémie SSR,
|c 1977
|
| 300 |
|
|
|a 59 s.
|
| 490 |
1 |
|
|a Technika, ekonomika
|
| 504 |
|
|
|a Obsahuje bibliografii
|
| 650 |
0 |
7 |
|a zemědělství
|z Československo
|7 ph116770
|2 czenas
|
| 650 |
0 |
7 |
|a výrobní procesy
|7 ph127452
|z Československo
|2 czenas
|
| 653 |
0 |
|
|a výrobní síly
|
| 655 |
|
7 |
|a brožury
|7 fd131925
|2 czenas
|
| 700 |
1 |
|
|a Sagara, Dušan
|7 jx20051223019
|4 aut
|
| 830 |
|
0 |
|a Technika, ekonomika
|
| 910 |
|
|
|a BOA001
|b 2-0784.916
|
| 990 |
|
|
|a BK
|
| 991 |
|
|
|b 201110
|
| 996 |
7 |
|
|b 2619478978
|c 2-0784.916
|l MZK
|r Sklad / do 1 hodiny
|n 0
|w 001206339
|u 000010
|a 1
|e BOA001
|j MZK50
|s A
|